Normal view
MARC view
- Switching theory
Entry Topical Term
001 - CONTROL NUMBER
- control field: 82877
003 - CONTROL NUMBER IDENTIFIER
- control field: NUST
005 - DATE AND TIME OF LATEST TRANSACTION
- control field: 20210930104314.0
008 - FIXED-LENGTH DATA ELEMENTS
- fixed length control field: 210930|| aca||aabn | a|a d
040 ## - CATALOGING SOURCE
- Original cataloging agency: NUST
- Transcribing agency: NUST
150 ## - HEADING--TOPICAL TERM
- Topical term or geographic name entry element: Switching theory
670 ## - SOURCE DATA FOUND
- Source citation: Work cat.: (NUST)33003: Sun, Zhendong, 1968- 82876, Stability theory of switched dynamical systems /, c2011.
